000 00428nam a2200109Ia 4500
008 160909s9999 xx 000 0 und d
100 _aYallanuru, Bhaskar
245 _aImage encryption with reversible data hiding by using least significant bits transformation
260 _bCalifornia State University, Long Beach.
_c2016
650 _aInformation Technology
856 _uhttp://pqdtopen.proquest.com/doc/1755951384.html?FMT=ABS
999 _c303816
_d303816